Представление документа в формате RUSMARC

ПолеНазваниеЗначение
  Тип записи i
  Библиографический уровень m
001 Контрольный номер LIBNET\0000317420
005 Дата корректировки 20260520163423.0
010 Индекс ISBN __
d Цена 144-00
100 Данные общей обработки __
a Данные общей обработки 19160920d2010||||||| 0rusy0189 ca
101 Язык документа 1_
a Язык текста rus
c Язык оригинала nnn
102 Страна публикации __
a Страна публикации RU|
105 Кодированные данные (монография) __
a Кодированные данные (монография) nn|||||||f|zy
127 Кодированные данные (звукозаписи-физические характеристики) __
a Продолжительность проигрывания 05 ч
200 Заглавие и сведения об ответственности 1_
a Заглавие Кармен
e Сведения, относящиеся к заглавию [новелла : 16+]
f Первые сведения об ответственности Проспер Мериме ; читает Юрий Лазарев ; [перевод: О. Моисеенко, Дм. Григорович ; читает О. Мартьянов]
b Общее обозначение материала Звукозапись
210 Выходные данные 1_
a Место издания Москва
c Издательство Аудиокнига
d Дата издания 2010
215 Физическое описание __
a Объем 1 электрон. опт. диск (Audio CD)
c Иллюстрации/тип воспроизводства зв.
d Формат 12х14 см
230 Специфическая характеристика материала: электронные ресурсы __
a Обозначение и объем ресурса Электронные звуковые данные
300 Общие примечания __
a Общие примечания Заглавие с этикетки диска
323 Примечание о главных создателях, исполнителях, участниках __
a Примечание о главных создателях, исполнителях, участниках Мартьянов, О. (читает)
330 Аннотация __
a Аннотация Новелла французского писателя Проспера Мериме, написанная им в 1845 году. Произведение состоит из 4 глав. В новелле рассказывается о страстной любви баска Хосе к цыганке Карменсите. Подробно описаны разбойная жизнь, обычаи и культура испанских цыган. Хосе требовал от Кармен полного подчинения, однако Кармен, свободолюбивая цыганка, отказалась покориться ценой собственной жизни…
333 Примечание о целевом назначении __
a Примечание о целевом назначении 16+. Для детей старше 16 лет
337 Примечание о системных требованиях (электронные ресурсы) __
a Примечание о системных требованиях (электронные ресурсы) Системные требования: CD-плеер с поддержкой МР3 или Pentium-233 c Windows 9x-XP, CD-ROM, звуковая карта
606 Тематические рубрики __
a Основная рубрика Художественная литература
606 Тематические рубрики __
a Основная рубрика Литература Европы (произведения)
y Географическая подрубрика Франция
610 Ключевые слова 0_
a Ключевые слова тема любви
a Ключевые слова зарубежная литература
a Ключевые слова иностранная литература
a Ключевые слова Кармен
a Ключевые слова литературные герои
a Ключевые слова литературные персонажи
a Ключевые слова новеллы
a Ключевые слова тема женщины
a Ключевые слова тема мужчины
a Ключевые слова тема приключений
a Ключевые слова тема страсти
a Ключевые слова тема цыган
a Ключевые слова тема человека
a Ключевые слова французская литература
686 Индексы других классификаций __
2 Код системы rubbks
a Классификационный индекс 84(4Фра)52-4я04; ст84(4Фра)-4я0
700 Автор _1
a Фамилия Мериме
b Имя П.
f Даты 1803-1870
g Полное личное имя Проспер
4 Код отношения 070
702 Вторичная интеллектуальная ответственность _1
a Фамилия Моисеенко
b Имя О.
4 Код отношения Переводчик
4 Код отношения 730
702 Вторичная интеллектуальная ответственность _1
a Фамилия Григорович
b Имя Д.
4 Код отношения Переводчик
4 Код отношения 730
801 Источник записи _0
a Страна RU
b Организация Муниципальное бюджетное учреждение культуры "Централизованная библиотечная система" г. Сургут (Центральная городская библиотека им. А. С. Пушкина)
c Дата составления 20160920
g Правила каталогизации КиК/Апакова
801 Источник записи _1
a Страна RU
b Организация Муниципальное бюджетное учреждение культуры "Централизованная библиотечная система" г. Сургут (Центральная городская библиотека им. А. С. Пушкина)
c Дата составления 20160920
g Правила каталогизации КиК/Апакова
852 Данные о местонахождении __
j Шифр хранения 84(4Фра)52-4я04
i Авторский знак М 52
901 Тип документа __
t Тип документа 0
903 Характеристики (МАРС) __
a Дата передачи 20160920
969 Тип издания __
a Тип издания аудиокнига; издание для слепых
990 Данные о заказе (DOS) __
j Количество экземпляров (DOS) 2
t N записи в КСУ для И/У (DOS) 201609